| 000 | 00429nam a2200121Ia 4500 | ||
|---|---|---|---|
| 008 | 170224s9999 xx 000 0 und d | ||
| 245 | 2 | _aA little similarity goes a long way: The effects of peripheral but self-revealing similarities on improving and sustaining interracial relationships. | |
| 260 | _bJournal of Personality and Social Psychology | ||
| 260 | _c2014 | ||
| 300 | _a107:1 | ||
| 500 | _aJuly | ||
| 650 | _xPsychology. | ||
| 999 |
_c316341 _d316341 |
||